<?xml version="1.0" encoding="UTF-8"?>
<record
    xmlns:xsi="http://www.w3.org/2001/XMLSchema-instance"
    xsi:schemaLocation="http://www.loc.gov/MARC21/slim http://www.loc.gov/standards/marcxml/schema/MARC21slim.xsd"
    xmlns="http://www.loc.gov/MARC21/slim">

  <leader>00960nam a22002537a 4500</leader>
  <controlfield tag="003">OSt</controlfield>
  <controlfield tag="005">20160526170020.0</controlfield>
  <controlfield tag="008">160329s2015    spc           000 1 cat|d</controlfield>
  <datafield tag="017" ind1=" " ind2=" ">
    <subfield code="a">DL B. 29.315-2015</subfield>
  </datafield>
  <datafield tag="020" ind1=" " ind2=" ">
    <subfield code="a">9788429761887</subfield>
  </datafield>
  <datafield tag="040" ind1=" " ind2=" ">
    <subfield code="b">cat</subfield>
    <subfield code="c">CDMR</subfield>
  </datafield>
  <datafield tag="100" ind1="1" ind2=" ">
    <subfield code="a">Rodoreda, Merc&#xE8;</subfield>
    <subfield code="d">1908-1983</subfield>
    <subfield code="9">2110</subfield>
  </datafield>
  <datafield tag="245" ind1="1" ind2="0">
    <subfield code="a">Obra de joventut </subfield>
    <subfield code="b">: Narrativa i periodisme </subfield>
    <subfield code="c">Merc&#xE8; Rodoreda ; justificaci&#xF3; de Joaquim Molas ; pr&#xF2;leg de Carme Arnau i Roser Porta</subfield>
  </datafield>
  <datafield tag="260" ind1=" " ind2=" ">
    <subfield code="a">Barcelona </subfield>
    <subfield code="b">Institut d'Estudis Catalans :</subfield>
    <subfield code="b">Edicions 62 :</subfield>
    <subfield code="b">Fundaci&#xF3; Merc&#xE8; Rodoreda,</subfield>
    <subfield code="c">2015</subfield>
  </datafield>
  <datafield tag="300" ind1=" " ind2=" ">
    <subfield code="a">LIX, 1122 p. ;</subfield>
    <subfield code="c">21 cm</subfield>
  </datafield>
  <datafield tag="490" ind1="1" ind2=" ">
    <subfield code="a">Biblioteca Cl&#xE0;ssica Catalana</subfield>
  </datafield>
  <datafield tag="500" ind1=" " ind2=" ">
    <subfield code="a">Subt&#xED;tol a la coberta: Novel&#xB7;les, narracions i periodisme</subfield>
  </datafield>
  <datafield tag="700" ind1="1" ind2=" ">
    <subfield code="a">Molas, Joaquim</subfield>
    <subfield code="d">1930-2015</subfield>
    <subfield code="9">161</subfield>
  </datafield>
  <datafield tag="700" ind1="1" ind2=" ">
    <subfield code="a">Arnau, Carme</subfield>
    <subfield code="d">1944-,</subfield>
    <subfield code="e">pr&#xF2;l.</subfield>
    <subfield code="9">2131</subfield>
  </datafield>
  <datafield tag="700" ind1="1" ind2=" ">
    <subfield code="a">Porta, Roser,</subfield>
    <subfield code="e">pr&#xF2;l.</subfield>
  </datafield>
  <datafield tag="710" ind1="2" ind2=" ">
    <subfield code="a">Institut d'Estudis Catalans</subfield>
    <subfield code="9">559</subfield>
  </datafield>
  <datafield tag="710" ind1="2" ind2=" ">
    <subfield code="a">Fundaci&#xF3; Merc&#xE8; Rodoreda</subfield>
  </datafield>
  <datafield tag="942" ind1=" " ind2=" ">
    <subfield code="c">MON</subfield>
    <subfield code="2">udc</subfield>
  </datafield>
  <datafield tag="999" ind1=" " ind2=" ">
    <subfield code="c">6924</subfield>
    <subfield code="d">6924</subfield>
  </datafield>
  <datafield tag="952" ind1=" " ind2=" ">
    <subfield code="0">0</subfield>
    <subfield code="1">0</subfield>
    <subfield code="4">0</subfield>
    <subfield code="7">0</subfield>
    <subfield code="a">CDMR</subfield>
    <subfield code="b">CDMR</subfield>
    <subfield code="d">2016-03-29</subfield>
    <subfield code="e">Intercanvi</subfield>
    <subfield code="g">45.00</subfield>
    <subfield code="l">9</subfield>
    <subfield code="m">7</subfield>
    <subfield code="o">Du 5/18</subfield>
    <subfield code="p">CDMR16030011</subfield>
    <subfield code="r">2025-06-12</subfield>
    <subfield code="s">2023-03-22</subfield>
    <subfield code="v">45.00</subfield>
    <subfield code="w">2016-03-29</subfield>
    <subfield code="y">MON</subfield>
  </datafield>
</record>
